[Event "Challenge"]
[Site "http://www.queenalice.com/game.php?id=1006599"]
[Date "2011.11.9"]
[Round "-"]
[White "Rodrigo_Cruzeiro"]
[Black "Scaracioli"]
[Result "1-0"]
[WhiteElo "1967"]
[BlackElo "1708"]

1. e4 e5 2. a3 Nf6 3. Nc3 d5 4. exd5 Nxd5 5. Qf3 Be6 6. Bc4 c6 7. Nge2 g5 8. h3
a6 9. d4 f6 10. dxe5 f5 11. Bxd5 cxd5 12. g3 Bg7 13. Nd4 Qd7 14. Bxg5 h6 15. Bf4
Nc6 16. Nxc6 bxc6 17. O-O Qc7 18. Qh5+ Qf7 19. Qxf7+ Kxf7 20. Rad1 Rhd8 21. Na4
Rab8 22. b3 Rb5 23. f3 c5 24. g4 Ke7 25. g5 h5 26. Kf2 c4 27. g6 cxb3 28. Bg5+
Bf6 29. Bxf6+ Ke8 30. Bxd8 Kxd8 31. cxb3 Rxb3 32. Nc5 Rb6 33. Nxe6+ Rxe6 34.
Rxd5+ Ke7 35. g7 Kf7 36. Rg1 Re8 37. f4 Rg8 38. Rd7+ Ke6 39. Rgd1 Re8 40. R1d6#
1-0

[Event "Challenge"]
[Site "http://www.queenalice.com/game.php?id=1011680"]
[Date "2011.11.23"]
[Round "-"]
[White "Scaracioli"]
[Black "Rodrigo_Cruzeiro"]
[Result "0-1"]
[WhiteElo "1615"]
[BlackElo "1975"]

1. e4 e5 2. Nf3 Nc6 3. d4 exd4 4. Nxd4 Qf6 5. Be3 Bc5 6. c3 a6 7. b4 Ba7 8. Na3
Nge7 9. Be2 d5 10. exd5 Nxd5 11. Qd2 h6 12. Nb1 Bf5 13. a3 O-O 14. Nxc6 Qxc6 15.
Bxa7 Rxa7 16. c4 Qf6 17. Qa2 Nc3 18. Nxc3 Qxc3+ 19. Kf1 Bd3 20. Re1 Re8 21. h4
Bxe2+ 22. Qxe2 Rxe2 23. Rxe2 Qxc4 24. Rh3 Ra8 25. Re3 Qxh4 26. Rh3 Qc4 27. Re3
Rd8 28. f3 Rd1+ 29. Kf2 Qh4+ 0-1

[Event "Challenge"]
[Site "http://www.queenalice.com/game.php?id=1020301"]
[Date "2012.1.30"]
[Round "-"]
[White "Scaracioli"]
[Black "Rodrigo_Cruzeiro"]
[Result "0-1"]
[WhiteElo "1752"]
[BlackElo "1977"]

1. e4 e5 2. Nf3 Nc6 3. d4 exd4 4. Nxd4 Qf6 5. c3 Bc5 6. Be3 a6 7. b4 Bxd4 8.
cxd4 b5 9. a3 d6 10. Ra2 Bb7 11. Re2 a5 12. d5 Ne5 13. Bd4 Ne7 14. Bxe5 Qxe5 15.
g3 axb4 16. axb4 Ra4 17. Re3 Rxb4 18. f4 Qb2 19. Bd3 Qg2 20. Rf1 Qxh2 21. Be2
O-O 22. Kd2 Rd4+ 23. Rd3 Rxe4 24. Nc3 Rb4 25. Qc1 Nf5 26. Rff3 Nd4 27. Ke3 Nxe2
28. Nxe2 Re8+ 29. Kd2 Qxe2+ 30. Kc3 Rc4+ 0-1

[Event "Challenge"]
[Site "http://www.queenalice.com/game.php?id=1027634"]
[Date "2012.2.8"]
[Round "-"]
[White "Ebbe"]
[Black "Rodrigo_Cruzeiro"]
[Result "0-1"]
[WhiteElo "1869"]
[BlackElo "1989"]

1. d4 d5 2. c4 Bf5 3. Nc3 e6 4. Nf3 Bb4 5. Bd2 Bxc3 6. bxc3 Nd7 7. c5 c6 8. Bg5
Qa5 9. Qd2 h6 10. Bf4 Ngf6 11. e3 Ne4 12. Qb2 Qxc3+ 13. Qxc3 Nxc3 14. h3 Be4 15.
Be2 b6 16. Ne5 Nxe5 17. Bxe5 O-O 18. f3 Bh7 19. cxb6 axb6 20. Rc1 Nxe2 21. Kxe2
Rxa2+ 22. Kf1 Rc8 23. Kg1 f6 24. Bg3 b5 25. Kh2 b4 26. Be1 b3 27. Bc3 b2 28.
Bxb2 Rxb2 29. Ra1 Re2 30. Ra3 e5 31. dxe5 fxe5 32. Rha1 c5 33. Rf1 d4 34. exd4
exd4 35. Ra7 d3 36. Rd1 d2 37. Rd7 c4 38. R7xd2 Rxd2 39. Rxd2 c3 0-1

[Event "Challenge"]
[Site "http://www.queenalice.com/game.php?id=1028309"]
[Date "2012.2.9"]
[Round "-"]
[White "Scaracioli"]
[Black "Rodrigo_Cruzeiro"]
[Result "0-1"]
[WhiteElo "1701"]
[BlackElo "1984"]

1. e4 e5 2. Nf3 Nc6 3. d4 exd4 4. Nxd4 Qf6 5. Nxc6 Qxc6 6. Nc3 Bb4 7. Qd3 Nf6 8.
f3 h6 9. Be3 Bxc3+ 10. Qxc3 Qxc3+ 11. bxc3 d6 12. Bd4 Ke7 13. e5 dxe5 14. Bxe5
c6 15. Rd1 Re8 16. Be2 g5 17. O-O Nd5 18. Rd3 Bf5 19. Rd2 f6 20. Bd4 b6 21. Re1
Kf7 22. Kf2 Rad8 23. Bc4 c5 24. Rxe8 Kxe8 25. Bxf6 Nxf6 26. Re2+ Kf8 27. g4 Bg6
28. Re6 Kg7 29. Bb3 Re8 30. Rc6 Bf7 31. Rc7 Rf8 32. Rxa7 Kg6 33. Rb7 Bxb3 34.
cxb3 Ne4+ 35. Ke3 Nxc3 36. Rxb6+ Rf6 37. Rxf6+ Kxf6 38. a4 Ke5 39. Kd3 Nd5 40.
Kc4 Kd6 41. h3 Kc6 42. a5 Nb4 43. Kc3 Kb5 44. a6 Nxa6 45. Kd3 Kb4 46. Ke4 Kxb3
47. f4 gxf4 48. Kxf4 c4 49. h4 c3 50. g5 hxg5+ 51. hxg5 c2 52. g6 c1=Q+ 53. Kf5
Qh6 54. Kf6 Qf8+ 55. Kg5 Qg7 56. Kf5 Nc7 0-1

[Event "Challenge"]
[Site "http://www.queenalice.com/game.php?id=1032920"]
[Date "2012.2.25"]
[Round "-"]
[White "Scaracioli"]
[Black "Rodrigo_Cruzeiro"]
[Result "0-1"]
[WhiteElo "1650"]
[BlackElo "2000"]

1. e4 e5 2. Nf3 Nc6 3. c3 d5 4. exd5 Qxd5 5. c4 Qc5 6. a3 Bg4 7. b4 Qd6 8. Bb2
e4 9. c5 Qf4 10. Be2 exf3 11. Bxf3 Bxf3 12. gxf3 Nd4 13. Bxd4 Qxd4 14. Nc3 a6
15. Ra2 g6 16. Qe2+ Ne7 17. Ne4 f5 18. Nc3 O-O-O 19. Rc2 Rd7 20. Rg1 Nd5 21. Rg3
Re7 22. Ne4 fxe4 23. Qd1 exf3+ 24. Kf1 Qd3+ 25. Kg1 Qxc2 26. Qxf3 Qxd2 27. Qg4+
Kb8 28. Qf3 Re1+ 29. Kg2 Nf4+ 30. Qxf4 Qxf4 31. f3 g5 0-1

[Event "BRA X ARG"]
[Site "http://www.queenalice.com/game.php?id=1033537"]
[Date "2012.2.26"]
[Round "1"]
[White "Rodrigo_Cruzeiro"]
[Black "lrmaster"]
[Result "1/2-1/2"]
[WhiteElo "2002"]
[BlackElo "2193"]

1. e4 e5 2. Nf3 d6 3. Bc4 h6 4. c3 c5 5. d4 cxd4 6. cxd4 exd4 7. Qxd4 a6 8. Bd5
Nf6 9. Nc3 Be7 10. O-O O-O 11. h3 Re8 12. e5 Nxd5 13. Nxd5 Nc6 14. Nxe7+ Rxe7
15. Qxd6 Rd7 16. Qa3 Rd3 17. Qc5 Be6 18. Be3 Bd5 19. Rfd1 Bxf3 20. Rxd3 Qxd3 21.
gxf3 Qf5 22. f4 Qxh3 23. Rd1 Re8 24. Rd6 Re6 25. Rxe6 Qxe6 26. Qb6 Qd7 27. Kg2
Ne7 28. Qd4 Qc6+ 29. f3 Qc2+ 30. Qd2 Qg6+ 31. Kf2 Nc6 32. Bc5 Qe6 33. b4 Qc8 34.
Qd6 1/2-1/2

[Event "Challenge"]
[Site "http://www.queenalice.com/game.php?id=1037485"]
[Date "2012.3.9"]
[Round "-"]
[White "Scaracioli"]
[Black "Rodrigo_Cruzeiro"]
[Result "0-1"]
[WhiteElo "1730"]
[BlackElo "2010"]

1. e4 e5 2. Nf3 Nc6 3. Nc3 a6 4. d4 exd4 5. Nxd4 Bb4 6. Nxc6 Bxc3+ 7. Bd2 dxc6
8. Bxc3 Qg5 9. Qd4 f6 10. g3 c5 11. Qd3 Bd7 12. Rd1 O-O-O 13. Bh3 f5 14. f4 Qe7
15. e5 Nh6 16. a3 g6 17. O-O Bb5 18. Qf3 Bxf1 19. Rxf1 Qe6 20. Ba5 Rd7 21. Rd1
Rxd1+ 22. Qxd1 Rd8 23. Qe2 Qd5 24. Bg2 Qd4+ 25. Kf1 Qxb2 26. a4 Qa1+ 27. Be1
Qxa4 28. Bf3 c6 29. Kg2 Rd4 30. e6 Rd8 31. Bf2 Qb5 32. c4 Qb4 33. e7 Re8 34.
Qe6+ Kc7 35. Qe5+ Kd7 36. Bxc5 Qd2+ 37. Kh3 Ng8 38. Qg7 Nxe7 39. Qxh7 Qd3 40.
Bg2 Qxc4 41. Bxe7 Rxe7 42. Qxg6 Qd3 43. Kh4 a5 44. Bh3 Qd5 45. Bxf5+ Kc7 46. h3
Qf7 47. g4 a4 48. g5 a3 49. Qxf7 Rxf7 50. Kg4 a2 51. Be6 a1=Q 52. Bxf7 Qg1+ 53.
Kh5 Qg3 54. g6 Qxf4 55. h4 c5 56. g7 Qxf7+ 57. Kh6 Qf6+ 58. Kh7 Qxh4+ 59. Kg8 c4
60. Kf7 Qh7 61. Kf8 c3 62. g8=Q Qxg8+ 63. Kxg8 c2 0-1

[Event "Challenge"]
[Site "http://www.queenalice.com/game.php?id=1038556"]
[Date "2012.3.13"]
[Round "-"]
[White "Rodrigo_Cruzeiro"]
[Black "botafoguense"]
[Result "1-0"]
[WhiteElo "1995"]
[BlackElo "1423"]

1. e4 e5 2. Nc3 c6 3. Bc4 Nf6 4. d4 Qc7 5. Bg5 d6 6. Bxf6 gxf6 7. dxe5 dxe5 8.
Qf3 Bg7 9. O-O-O h5 10. Qg3 Rg8 11. Qe3 f5 12. Nf3 Bf6 13. g3 Qe7 14. h4 Bd7 15.
Qd3 Be6 16. exf5 Bxc4 17. Qxc4 Bg7 18. Ne4 Bh6+ 19. Nfg5 Nd7 20. Rd6 Bxg5+ 21.
hxg5 Rxg5 22. f6 Nxf6 23. Nxg5 Nd5 24. Nxf7 Kxf7 25. Rxd5 cxd5 26. Qxd5+ Kg6 27.
f4 Rd8 28. Qxe5 Qxe5 29. fxe5 Re8 30. Kd2 Rxe5 31. c4 Rg5 32. Rg1 h4 33. g4 Kf6
34. Ke3 Ke5 35. b3 b6 36. b4 Rg6 37. c5 Kd5 38. cxb6 Rxb6 39. a3 Re6+ 40. Kf3
Rf6+ 41. Kg2 Kc4 42. Rb1 Kd3 43. Kh3 Rh6 44. g5 Rh5 45. Kg4 Rh7 46. g6 Rg7 47.
Kg5 Rg8 48. Rh1 Ke4 49. Rxh4+ Ke5 50. Rh7 1-0

[Event "Challenge"]
[Site "http://www.queenalice.com/game.php?id=1052583"]
[Date "2012.4.25"]
[Round "-"]
[White "Scaracioli"]
[Black "Rodrigo_Cruzeiro"]
[Result "0-1"]
[WhiteElo "1606"]
[BlackElo "1993"]

1. e4 e5 2. f3 Bc5 3. c3 Bxg1 4. Rxg1 Qh4+ 5. g3 Qxh2 6. Rg2 Qh6 7. d4 Qd6 8.
Be3 exd4 9. Rd2 Qxg3+ 10. Bf2 Qg5 11. cxd4 c6 12. Nc3 Ne7 13. Qe2 d6 14. O-O-O
O-O 15. Kb1 b6 16. Be3 Qh5 17. Qf2 f6 18. Be2 d5 19. f4 Qf7 20. Rh1 dxe4 21.
Nxe4 Bf5 22. Bd3 Bxe4 23. Bxe4 f5 24. Bd3 b5 25. Bc2 Na6 26. Bb3 Nd5 27. Qh4 h6
28. Rg1 Qf6 29. Qxf6 Rxf6 30. Bxd5+ cxd5 31. Rdg2 Rf7 32. a3 Re8 33. Rg3 Kh7 34.
Bd2 Re4 35. Be3 Rfe7 36. Re1 Nc7 37. Kc2 Ne6 38. Kc3 Nxf4 39. Kd2 Ne6 40. Rh1 f4
41. Bxf4 Nxf4 42. Kc2 Ne2 43. Rd3 Nxd4+ 44. Kc3 Ne2+ 45. Kd2 Rd4 46. Re1 Rxd3+
47. Kc2 Nd4+ 48. Kxd3 Rxe1 49. Kxd4 g5 50. Kxd5 g4 51. Kd4 g3 52. Kd3 g2 53. Kd2
g1=Q 54. Kc3 Qc5+ 55. Kb3 Re3+ 56. Ka2 Qc4+ 57. Kb1 Re1# 0-1

[Event "Challenge"]
[Site "http://www.queenalice.com/game.php?id=1054766"]
[Date "2012.5.1"]
[Round "-"]
[White "Ebbe"]
[Black "Rodrigo_Cruzeiro"]
[Result "1-0"]
[WhiteElo "1873"]
[BlackElo "2015"]

1. d4 d5 2. c4 Bf5 3. Nc3 e6 4. Nf3 dxc4 5. Qa4+ Nc6 6. e4 Bg4 7. Be2 Bxf3 8.
Bxf3 Qxd4 9. Nb5 O-O-O 10. Nxd4 Rxd4 11. O-O c3 12. Qc2 cxb2 13. Qxb2 e5 14. Bd2
Bb4 15. Be3 Rc4 16. Rab1 b6 17. Qe2 b5 18. a3 1-0

[Event "BRA X ARG"]
[Site "http://www.queenalice.com/game.php?id=1058120"]
[Date "2012.5.10"]
[Round "2"]
[White "garota_rap"]
[Black "Rodrigo_Cruzeiro"]
[Result "1-0"]
[WhiteElo "1942"]
[BlackElo "2001"]

1. e4 e5 2. Nf3 Nc6 3. d4 exd4 4. Nxd4 Qf6 5. Nxc6 Qxc6 6. b3 Qxe4+ 7. Qe2 Qxe2+
8. Bxe2 d5 9. O-O Bf5 10. Bd3 Bxd3 11. cxd3 d4 12. Re1+ Be7 13. Bf4 O-O-O 14.
Nd2 Bb4 15. Rac1 c5 16. a3 Bc3 17. Re5 b6 18. Nc4 f6 19. Re2 Nh6 20. Nd6+ Kd7
21. Bxh6 Kxd6 22. Bxg7 Rhe8 23. Rcc2 f5 24. Bf6 Rc8 25. f4 b5 26. Re5 Rxe5 27.
fxe5+ Ke6 28. Kf2 c4 29. bxc4 bxc4 30. Ke2 cxd3+ 31. Kxd3 Kd5 32. e6 Re8 33. e7
a6 34. Re2 Kd6 35. Re5 a5 36. a4 Kd7 37. Rxf5 Ke6 38. g4 h5 39. h3 hxg4 40. hxg4
Kd6 41. g5 Ke6 42. Rb5 Kf7 43. Bxd4 Bxd4 44. Kxd4 Rxe7 45. Rxa5 Rc7 46. Rc5 Ra7
47. a5 Ke7 48. Kc4 Kd8 49. Kb5 Rb7+ 50. Kc6 Rb2 51. a6 Kc8 52. a7 1-0

[Event "Challenge"]
[Site "http://www.queenalice.com/game.php?id=1071129"]
[Date "2012.6.12"]
[Round "-"]
[White "Scaracioli"]
[Black "Rodrigo_Cruzeiro"]
[Result "0-1"]
[WhiteElo "1634"]
[BlackElo "1997"]

1. e4 e5 2. Nf3 Nc6 3. d4 exd4 4. Nxd4 Qf6 5. Be3 Bc5 6. c3 a6 7. Be2 Nge7 8. b4
Ba7 9. f3 d5 10. Rf1 O-O 11. g4 Qh4+ 12. Rf2 Ne5 13. Kd2 dxe4 14. Na3 exf3 15.
Bxf3 Bxg4 16. Bxg4 Nxg4 17. Re2 Nxe3 18. Rxe3 Qxh2+ 19. Kc1 Nd5 20. Rd3 Qe5 21.
Nc4 Qf4+ 22. Kb2 c6 23. Qc2 Bxd4 24. Rxd4 Qg3 25. a3 b5 26. Rh1 g6 27. Rd3 Qc7
28. Rdh3 Nf6 29. Ne3 Qe5 30. Qh2 Qxh2+ 31. R1xh2 Rfe8 32. Kc2 Rad8 33. Re2 Ng4
34. Rg3 Nxe3+ 35. Rgxe3 Rxe3 36. Rxe3 h5 37. Rd3 Rxd3 38. Kxd3 h4 39. c4 bxc4+
40. Kxc4 h3 41. Kc5 h2 42. Kxc6 h1=Q+ 43. Kb6 Qa8 44. a4 f5 45. b5 axb5 46. axb5
f4 47. Kc7 f3 48. b6 f2 49. b7 Qa7 50. Kc8 f1=Q 51. b8=Q Qf8# 0-1

[Event "Challenge"]
[Site "http://www.queenalice.com/game.php?id=1081481"]
[Date "2012.7.11"]
[Round "-"]
[White "Scaracioli"]
[Black "Rodrigo_Cruzeiro"]
[Result "0-1"]
[WhiteElo "1647"]
[BlackElo "1999"]

1. e4 e5 2. Nf3 Nc6 3. d4 exd4 4. Nxd4 Qf6 5. c3 Bc5 6. Be3 Nge7 7. b4 Bb6 8. h4
h6 9. f3 d5 10. Nxc6 Qxc6 11. Bxb6 axb6 12. a4 O-O 13. b5 Qd6 14. Bd3 Qg3+ 15.
Kf1 dxe4 16. Bxe4 c6 17. c4 Be6 18. Qe2 Nf5 19. Rh3 Qe5 20. Ra3 Ng3+ 21. Rxg3
Qxg3 22. f4 Qxf4+ 23. Rf3 Qxh4 24. Nd2 Bg4 25. bxc6 Bxf3 26. Nxf3 Qh1+ 27. Ng1
Rxa4 28. cxb7 Ra1+ 29. Kf2 Qxg1+ 30. Kg3 Re1 31. Qg4 Qe3+ 32. Bf3 Qc5 33. Qf4 g5
34. Qd2 Re3 35. Kh2 Qe5+ 36. Kg1 Re1+ 37. Kf2 Re8 38. g3 f5 39. Bd5+ Kg7 40. Bf3
Qc5+ 0-1

[Event "Challenge"]
[Site "http://www.queenalice.com/game.php?id=1093893"]
[Date "2012.8.17"]
[Round "-"]
[White "Scaracioli"]
[Black "Rodrigo_Cruzeiro"]
[Result "0-1"]
[WhiteElo "1726"]
[BlackElo "1983"]

1. e4 e5 2. Nf3 Nc6 3. a3 Bc5 4. c3 a6 5. d4 exd4 6. cxd4 Ba7 7. Be3 d5 8. e5
Bg4 9. Be2 f6 10. h3 Bxf3 11. Bxf3 fxe5 12. dxe5 Bxe3 13. fxe3 Qh4+ 14. Kd2
O-O-O 15. Qe2 Nxe5 16. Nc3 Nf6 17. Rad1 Nxf3+ 18. gxf3 d4 19. exd4 Rhe8 20. Qc4
Rxd4+ 21. Qxd4 Qxd4+ 22. Kc2 Qc4 23. Rd3 Re2+ 24. Rd2 Rxd2+ 25. Kxd2 Nd5 26. Rc1
Nf4 27. Kc2 Qd3+ 28. Kb3 Nxh3 29. Rd1 Qxf3 30. Ka2 g5 31. Rd5 g4 32. Re5 g3 33.
Na4 g2 34. Nc5 Qf7+ 0-1

[Event "Challenge"]
[Site "http://www.queenalice.com/game.php?id=1108981"]
[Date "2012.10.3"]
[Round "-"]
[White "Scaracioli"]
[Black "Rodrigo_Cruzeiro"]
[Result "0-1"]
[WhiteElo "1773"]
[BlackElo "1989"]

1. e4 e5 2. Nf3 Nc6 3. d4 exd4 4. Nxd4 Qf6 5. Be3 Bc5 6. c3 a5 7. a3 Bxd4 8.
cxd4 Nge7 9. f3 d6 10. Bb5 O-O 11. h3 b6 12. Nc3 Ba6 13. d5 Ne5 14. Qc2 Nc4 15.
Bxc4 Bxc4 16. b3 Ba6 17. O-O-O b5 18. Bd2 c6 19. Kb1 b4 20. axb4 axb4 21. Na2 c5
22. h4 h6 23. Rh3 Rfc8 24. g4 Be2 25. g5 Qd4 26. gxh6 gxh6 27. f4 Bxd1 28. Qxd1
Qxe4+ 29. Kb2 Qxd5 30. Qc2 Ra3 31. Rg3+ Kh8 32. Rd3 Qe6 33. Rg3 Rca8 34. Nc1 Nd5
35. f5 Qe5+ 36. Bc3 bxc3+ 37. Rxc3 Nxc3 38. Qxc3 Qxc3+ 39. Kxc3 Re8 40. Kb2 Ra7
41. Nd3 Re2+ 42. Kc3 Ra3 43. Kc4 Re4+ 44. Kd5 Rd4+ 45. Kc6 Rxd3 46. b4 cxb4 47.
Kb5 b3 48. Kb4 b2 49. Kc4 b1=Q 50. h5 Rac3# 0-1

[Event "Challenge"]
[Site "http://www.queenalice.com/game.php?id=1126802"]
[Date "2012.11.29"]
[Round "-"]
[White "Scaracioli"]
[Black "Rodrigo_Cruzeiro"]
[Result "1-0"]
[WhiteElo "1631"]
[BlackElo "1998"]

1. e4 e5 2. Nf3 Nc6 3. a3 a6 4. c3 Bc5 5. b4 Ba7 6. d4 exd4 7. cxd4 h6 8. Be3 d6
9. Nc3 Bg4 10. Be2 Qd7 11. h3 Bxf3 12. Bxf3 Nf6 13. Qd3 O-O 14. O-O 1-0

[Event "Challenge"]
[Site "http://www.queenalice.com/game.php?id=1128187"]
[Date "2012.12.4"]
[Round "-"]
[White "Rodrigo_Cruzeiro"]
[Black "Scaracioli"]
[Result "0-1"]
[WhiteElo "1968"]
[BlackElo "1661"]

1. e4 e5 2. Nc3 c6 3. Qf3 Nf6 4. Bc4 a5 5. a4 d6 6. h3 Be7 7. d3 Bd7 8. Nge2 O-O
9. d4 h6 10. O-O Na6 11. dxe5 dxe5 12. Bxa6 Rxa6 13. Be3 g5 14. Rfd1 Bb4 0-1